000 00593nam a2200241Ia 4500
005 20250425162223.0
008 250425s9999 xx 000 0 und d
020 _a950892022X
041 _aspa
082 _a153.1
100 _aGALAGOVSKY KURMAN, LYDIA
245 0 _aREDES CONCEPTUALES APRENDIZAJE, COMUNICACION Y MEMORIA
250 _a1A ED.
260 _aArgentina
_bLUGAR
_c1996
260 _aBUENOS AIRES
300 _a188
650 _aAPRENDIZAJE
650 _aMEMORIA
650 _aPROCESOS MENTALES
650 _aREDES CONCEPTUALES
942 _c01
010 _a57740
999 _c224787
_d224787